| 000 | 00738nam a2200229 a 4500 | ||
|---|---|---|---|
| 999 |
_c11077 _d11077 |
||
| 001 | 11077 | ||
| 003 | BD-JhCC | ||
| 005 | 20190728141417.0 | ||
| 008 | 190628b 2016bg |||| ||a| 000 0 ben d | ||
| 020 | _a9789849124894 | ||
| 035 | _a(BD-JhCC) | ||
| 040 |
_aBD-JhCC _dBD-JhCC |
||
| 041 | _aben | ||
| 082 |
_a954.92 _bRAZ 2016 |
||
| 100 | _aরাজ্জাক, মানিক মোহাম্মদ | ||
| 245 |
_a৭১-এর অল্প কথা / _cমানিক মোহাম্মদ রাজ্জাক । |
||
| 260 |
_aঢাকা: _bনালন্দ; _c২০১৬. |
||
| 300 |
_a৬৭৮ পৃঃ . : _c২২ সেমি. |
||
| 650 | _aHistory of liberation war | ||
| 942 |
_2ddc _cBK |
||